000 00695nam a2200193Ia 4500
003 GCL
008 140319s9999 xx 000 0 ara d
040 _aGCL /
_cGCL
082 0 4 _a813.009
_bع ز
100 1 _aعبدالسلام السككلى
245 1 0 _aالزمن الروائى : جدلية الماضى والحاضر عند جمال الغيطانى من خلال الزينى بركات وكتاب التجليات /
_cعبدالسلام السككلى
260 _a[S.N] :
_bمكتبة مدبولى ،
_c1992
300 _a205 ص
490 _a
650 0 4 _aالادب العربى
650 0 4 _aالقصص العربية
650 0 4 _aتاريخ ونقد
942 _2ddc
_cBK
999 _c35445
_d35445